Les départements français comptant le moins de gare - Statistiques

Statistiques générales
  • Ce quiz a été pris 137 fois
  • Le résultat moyen est 21 sur 36
Statistiques - réponses
Nombre de Gares Départment % Correct
0 Ardèche
80%
12 Creuse
75%
9 Territoire de Belfort
70%
18 Lot
69%
19 Finistère
67%
10 Hautes-Alpes
67%
18 Tarn
65%
14 Cantal
64%
18 Eure
64%
5 Aube
63%
18 Haute-Loire
63%
12 Lot-et-Garonne
63%
13 Aude
62%
20 Loiret
62%
13 Tarn-et-Garonne
62%
12 Ariège
61%
4 Alpes-de-Haute-Provence
60%
19 Allier
59%
8 Charente
58%
7 Hautes-Pyrénées
58%
19 Aveyron
57%
16 Cher
57%
9 Meuse
56%
4 Gers
55%
10 Manche
54%
6 Haute-Saône
53%
15 Landes
53%
19 Morbihan
53%
15 Drôme
52%
9 Mayenne
51%
12 Orne
51%
11 Haute-Marne
50%
17 Vendée
45%
20 Calvados
41%
14 Deux-Sèvres
40%
18 Vaucluse
39%
Aucun quiz correspondant
Distribution des résultats
% des personnes avec chaque résultat
Percentile par nombre de réponses
Votre historique - résultats
Vous n’avez pas pris ce quiz